|
|
|
|
| LEADER |
01025cam a2200265 i 4500 |
| 001 |
3203021 |
| 003 |
GR-PaULI |
| 005 |
20240717140435.0 |
| 008 |
180611t19771959gw g b 000 0 ger d |
| 010 |
|
|
|a 77480106
|
| 020 |
|
|
|a 3525205376
|
| 040 |
|
|
|a DLC
|c DLC
|d DLC
|d GR-PaULI
|b gre
|e AACR2
|
| 082 |
0 |
4 |
|2 23
|a 832.912
|
| 100 |
1 |
|
|a Hinck, Walter.
|9 169416
|e συγγραφέας
|
| 245 |
1 |
4 |
|a Die Dramaturgie des späten Brecht /
|c Walter Hinck.
|
| 250 |
|
|
|a 6., durchges, Aufl.
|
| 260 |
|
|
|a Göttingen :
|b Vandenhoeck und Ruprecht,
|c 1977, c1959.
|
| 300 |
|
|
|a 177 σ. ;
|c 24 εκ.
|
| 504 |
|
|
|a Περιλαμβάνει βιβλιογραφία.
|
| 600 |
1 |
0 |
|a Brecht, Bertolt,
|d 1898-1956,
|x Ερμηνεία και κριτική
|9 146254
|
| 650 |
|
4 |
|a Δράμα
|x Τεχνική
|9 90397
|
| 942 |
|
|
|2 ddc
|c BK15
|
| 952 |
|
|
|0 0
|1 0
|2 ddc
|4 0
|6 832_912000000000000_BRE_HIN
|7 0
|9 222988
|a THST
|b THST
|d 2018-06-11
|i 006724
|l 0
|o 832.912 BRE HIN
|p 025000013466
|r 2018-06-11 00:00:00
|t 1
|y BK15
|
| 998 |
|
|
|c ΜΑΝΙΑ
|d 2018-06
|
| 999 |
|
|
|c 134768
|d 134768
|